| 000 | 00373nam a2200121Ia 4500 | ||
|---|---|---|---|
| 008 | 170224s9999 xx 000 0 und d | ||
| 245 | _aKnowledge of identity and reputation: Do people have knowledge of others’ perceptions? | ||
| 260 | _bJournal of Personality and Social Psychology | ||
| 260 | _c2016 | ||
| 300 | _a111:3 | ||
| 500 | _aSeptember | ||
| 650 | _xPsychology. | ||
| 999 |
_c316552 _d316552 |
||